Superacin̤ de la doble pobreza de las mujeres vc̕timas de violencia de gňero Innovacin̤ y oportunidades para el empleo /

Bibliographic Details
Main Author: Mugarra, Aitziber
Other Authors: Vidu, Ana
Format: eBook
Language:Spanish
Published: Madrid: Dykinson, 2021
Subjects:
Online Access:Acceso restringido

MARC

LEADER 00000nam a22000007a 4500
005 20220519233939.0
007 cr|||| ||||
008 220519s2021 es |||||s|||| 00||0 spa d
020 |a 978-84-1377-722-1 
035 |a 35677 
040 |a vLex 
090 |c 13380  |d 13380 
100 1 |a Mugarra, Aitziber 
245 1 0 |a Superacin̤ de la doble pobreza de las mujeres vc̕timas de violencia de gňero  |h [Recurso electrn̤ico] :  |b Innovacin̤ y oportunidades para el empleo /  |c Aitziber Mugarra, Ana Vidu 
256 |a Servicio en ln̕ea 
260 |a Madrid:  |b Dykinson,  |c 2021 
300 |a 1 recurso electrn̤ico 
506 1 |a Disponible solo en los productos indicados  |d vLex Global  |d vLex Global (Academic Edition, excluding Law Schools)  |d vLex Global (U.S. Academic Edition, Law Schools)  |d vLex Global (U.S. Academic Edition, excluding Law Schools)  |d vLex Global (Academic Edition, Law Schools) 
650 0 4 |a Derecho Laboral y Seguridad Social  |z Espaą 
650 0 4 |a Derecho Constitucional  |z Espaą 
700 1 |a Vidu, Ana 
740 0 |a vLex Libros (Servicio en ln̕ea) 
856 4 0 |u https://app.vlex.com/#/sources/35677  |z Acceso restringido 
942 |c BOOK 
999 0 |a Labor Law and Social Security 
999 0 |a Constitutional Law